Franklin (Registo nº 4072)

Detalhes MARC
000 -Etiqueta do registo
Cabeçalho 01020nam a2200313 4500
005 - Identificador da versão
Campo de controlo 20240813122052.0
010 ## - Número internacional normalizado dos livros (ISBN)
Número (ISBN) 9789896320010
021 ## - Número do Depósito Legal
Código do país PT
Número 252781/07
100 ## - Dados gerais de processamento
Dados gerais de processamento 20081121d2007 cd y0pory5003 ba
102 ## - Pais de publicação ou produção
País de publicação Portugal
101 1# - Língua de publicação
Língua do texto, banda sonora, etc. Português
106 ## - Campo de dados codificados: material textual
Dados codificados do material textual r
105 ## - Campo de dados codificados: livros
Dados codificados dos livros a z 000yy
215 ## - Descrição física 
Indicação específica da natureza do documento e extensão da espécie 44, [1] p.
Outras indicações físicas muito il.
Dimensões 27 cm
200 1# - Titulo e menção de responsabilidade
Título próprio Franklin
Informação de outro título livro de actividades
Primeira menção de responsabilidade Living History Productions
Outras menções de responsabilidade co-autor Sara Clark... [et al.]
-- il. Tony Salerno, Katherine Vawter
-- trad. e adapt. Vanda Raimundo
225 1# - Colecção 
Título próprio da colecção Os grandes heróis da história
Indicação de volume 2
210 ## - Publicação, Distribuição, etc. 
Lugar da edição, distribuição, etc. [Gaia]
Nome do editor, distribuidor, etc. Indiebooks
Data da publicação, distribuição, etc. D.L. 2007
675 ## - Classificação Decimal Universal (CDU)
Notação 087.5
Edição BN
Língua da edição por
Notação 537Franklin, Benjamin(0.053.2)
Edição BN
Língua da edição por
702 #1 - Nome de autor-pessoa física (responsabilidade secundária)
Número de registo de entrada de autoridade 0000607
Palavra de ordem Clark
Outra parte do nome não tomada para palavra de ordem Sara
Código de função Autor / Co-autor
Número de registo de entrada de autoridade 0000608
Palavra de ordem Salerno
Outra parte do nome não tomada para palavra de ordem Tony
Código de função Ilustrador / Técnico de desenho computorizado
Número de registo de entrada de autoridade 0000609
Palavra de ordem Vawter
Outra parte do nome não tomada para palavra de ordem Katherine
Código de função Ilustrador / Técnico de desenho computorizado
Número de registo de entrada de autoridade 0000610
Palavra de ordem Raimundo
Outra parte do nome não tomada para palavra de ordem Vanda
Código de função Tradutor
710 02 - Nome de colectividade-autor (responsabilidade principal)
Número de registo de entrada de autoridade 0000611
Palavra de ordem Living History Productions
942 ## - Elementos de entrada adicionados (Koha)
Tipo de item no Koha Livro
Exemplares
Situação do levantamento Origin of item (home branch) (coded) Biblioteca de empréstimo Código de barras Cota Circulation type (not for loan) Tipo de documento Nota do exemplar Damaged status
  Biblioteca Escolar das Vendas Biblioteca Escolar das Vendas BEV1822 9BIO FRA   Livro Sem mensagem